000 00400nam a2200157Ia 4500
008 230711s9999||||xx |||||||||||||| ||und||
041 _aENG
082 _a510
_bWH-E
100 _aWylie,C Ray
245 0 _aAdvanced engineering Mathematics
250 _a1st . Ed.
260 _c1989
_aNew York
_bTata McGraw Hill Education Limited
650 _aMathematics
700 _aBarrett,Louis C.
942 _cBK
999 _c340
_d340